|
|
|
|
| LEADER |
01387nam a2200385 a 4500 |
| 001 |
000378152 |
| 003 |
CZ BrMZK |
| 005 |
20230629080957.0 |
| 008 |
980115s1998 xr g f cze d |
| 040 |
|
|
|a BOA001
|b cze
|
| 043 |
|
|
|a e-xr---
|
| 045 |
|
|
|a x9x9
|
| 072 |
|
7 |
|a 82:06
|x Literární organizace, soutěže
|2 Konspekt
|9 11
|
| 080 |
|
|
|a 82:7.092
|2 MRF
|
| 080 |
|
|
|a 808.1
|2 MRF
|
| 080 |
|
|
|a 821.162.3-3
|2 MRF
|
| 080 |
|
|
|a (437.3)
|2 MRF
|
| 080 |
|
|
|a (0:82-3)
|2 MRF
|
| 080 |
|
|
|a (0:82-4)
|2 MRF
|
| 080 |
|
|
|a (059)
|2 MRF
|
| 100 |
1 |
|
|a Pecháček, Jiří,
|d 1941-
|7 jn20010309241
|4 com
|
| 245 |
1 |
0 |
|a Celostátní soutěž prózy Hlavnice A.C. Nora 1994-1998 /
|c [zpracoval: Jiří Pecháček].
|
| 260 |
|
|
|a Hlavnice :
|b Sdružení Hlavnice A.C. Nora,
|c 1998
|
| 300 |
|
|
|a 32 s., [4] s. obrazových příloh ;
|c 25 cm
|
| 611 |
2 |
7 |
|a Hlavnice A.C. Nora (soutěž)
|7 kn20041130015
|2 czenas
|
| 648 |
|
4 |
|a 1994-1998
|
| 648 |
|
7 |
|a 1991-2000
|7 ch460587
|2 czenas
|
| 650 |
0 |
7 |
|a literární práce
|7 ph138747
|z Česko
|y 1991-2000
|2 czenas
|
| 650 |
0 |
7 |
|a literární soutěže
|7 ph122397
|z Česko
|y 1991-2000
|2 czenas
|
| 655 |
|
7 |
|a české prózy
|7 fd133972
|2 czenas
|
| 655 |
|
7 |
|a eseje
|7 fd132213
|2 czenas
|
| 655 |
|
7 |
|a almanachy
|7 fd131789
|2 czenas
|
| 910 |
|
|
|a BOA001
|b X2-1052.817
|
| 990 |
|
|
|a BK
|
| 996 |
7 |
|
|b 2610082734
|c X2-1052.817
|l MZK
|r Sklad / do 24 hodin
|n 0
|p p.v.
|w 000378152
|u 000010
|a 1
|e BOA001
|j MZK50
|s A
|